000
00391nam a22001697a 4500
003
MPLRDC
005
20220104144504.0
008
210129b ||||| |||| 00| 0 eng d
082
_a
617 WQM
100
_a
吴其敏
245
_a
望翠轩读书随笔
_c
250
_a
初版
260
_a
_b
上海书店
_c
1956
300
_b
平
650
_a
中国史地杂论
942
_c
BK
_o
617 WQM
999
_c
50101
_d
50091